Proposal of Technology for Reaction Mixture Separation in Alternative Solvents Production

Guardado en:
Detalles Bibliográficos
Autor principal: Hlavatý, Lukas (Autor)
Otros Autores: Variny, Miroslav (Orientador)
Formato: Manuscrito Libro
Lenguaje:eslovaco
inglés
Publicado: 2024
Materias:
Acceso en línea:http://is.stuba.sk/zp/portal_zp.pl?podrobnosti=176615
Etiquetas: Agregar Etiqueta
Sin Etiquetas, Sea el primero en etiquetar este registro!

MARC

LEADER 00000ntm a22000003a 4500
001 stuzp99215
003 SK-STU
005 20240601210523.9
007 ta
008 150427s2015----xo-----f-mn---000-0-slo-d
040 |a STU  |b slo 
041 0 |a eng 
100 1 |a Hlavatý, Lukas  |u 046230  |4 aut  |U FCHPT Ústav chemického a environmentálneho inžinierstva  |T FCHPT Oddelenie chemického a biochemického inžinierstva  |X 104297  |U C6230  |Y 119  |7 104297 
242 0 1 |a Posúdenie a návrh technológie delenia reakčnej zmesi z výroby alternatívnych rozpúšťadiel  |y slo 
245 1 0 |a Proposal of Technology for Reaction Mixture Separation in Alternative Solvents Production 
260 |c 2024 
650 4 |a Cyklopentylmetyl éter  |2 slo 
650 4 |a Zelené rozpúšťadlá  |2 slo 
650 4 |a Separácia  |2 slo 
650 4 |a Optimalizácia procesu  |2 slo 
650 4 |a Cyclopentyl methyl ether  |2 eng 
650 4 |a Green solvents  |2 eng 
650 4 |a Separation  |2 eng 
650 4 |a Process optimization  |2 eng 
700 1 |a Variny, Miroslav  |u 046230  |k Z1  |4 ths  |U FCHPT Ústav chemického a environmentálneho inžinierstva  |T FCHPT Oddelenie chemického a biochemického inžinierstva  |X 25916  |U C6230  |Y 119  |7 A000025916 
856 4 |u http://is.stuba.sk/zp/portal_zp.pl?podrobnosti=176615